000 00191nam a2200085 4500
001 1236053
005 20251001121739.0
245 _aAKILLI PİRELER
_cGÜLTEN DAYIOĞLU
260 _bALTIN KİTAPLAR
999 _c1236053
_d1236053